000 00509cam a22001934a 4500
005 20250605164258.0
008 250528s ||||||||||||||||||||||||d
035 _a21951
020 _a9780521008433
040 _aGR-AtMCL
_bgre
_dGR-AtMCL
_eAACR2
245 1 _aAPPROACHES AND METHODS IN LANGUAGE TEACHING
250 _a2
260 _bCambridge University Press,
_c2001
700 1 _aRichards Jack C
_97834
700 1 _aRodgers Theodore S
_97835
942 _cBK
999 _c7008
_d7008